Teatro

Zapisane w:
Opis bibliograficzny
1. autor: Ruiz de Alarcón, Juan
Format: Książka
Język:Undetermined
Wydane: Madrid, España Instituto Escuela 1926
Hasła przedmiotowe:
Etykiety: Dodaj etykietę
Nie ma etykietki, Dołącz pierwszą etykiete!

MARC

LEADER 00000nam a2200000Ia 4500
008 170316s9999 xx 000 0 und d
999 |c 10381  |d 10381 
040 |a cru BVZT 
090 |a 862 R-28t 
100 |a Ruiz de Alarcón, Juan 
245 |a Teatro 
260 |a Madrid, España 
260 |b Instituto Escuela 
260 |c 1926 
300 |a 336 páginas Tomo XII 
650 |a LITERATURA ESPAÑOLA  |9 23 
942 |c 15 D  |h 862 R-28t  |2 z